El diablo de la botella / (Registro nro. 30936)

Detalles MARC
000 -CABECERA
campo de control de longitud fija 01159cam a2200241 a 4500
008 - CÓDIGOS DE INFORMACIÓN DE LONGITUD FIJA
fixed length control field 910604r20031989ck a jr 00011dspa d
020 ## - NÚMERO INTERNACIONAL NORMALIZADO PARA LIBROS
ISBN 9580408556
040 ## - Fuente de catalogación
Agencia original de catalogación CO-JMCR
Agencia de transcripción CO-JMCR
Lenguaje de catalogación spa
Agencia de modificación CO-JMCR
Convenciones de descripción rda
041 0# - CÓDIGO DE LENGUA
Código idioma spa
082 04 - NÚMERO DE LA CLASIFICACIÓN DECIMAL DEWEY
Número de clasificación Decimal C
Número de documento (Cutter) STEd
Edition number 23
100 1# - PUNTO DE ACCESO PRINCIPAL-NOMBRE DE PERSONA
Nombre personal Stevenson, Robert Louis,
Fechas asociadas al nombre 1850-1894.
9 (RLIN) 44026
245 13 - TÍTULO PROPIAMENTE DICHO
Título El diablo de la botella /
Mención de responsabilidad, etc. Robert Louis Stevenson
260 ## - PUBLICACIÓN, DISTRIBUCIÓN, ETC. (PIE DE IMPRENTA)
Lugar de publicación, distribución, etc. Bogotá :
Nombre del editor, distribuidor, etc. Editorial Norma,
Fecha de publicación, distribución, etc. 1989.
300 ## - DESCRIPCIÓN FÍSICA
Extensión 77 páginas :
Otros detalles físicos ilustraciones ;
Dimensiones 20 cm.
440 #0 - SERIES
Titulo Torre de papel.
Name of part/section of a work Torre amarilla
9 (RLIN) 97
500 ## - NOTA GENERAL
Nota general Para lectores a partir de 11 años.
520 3# - RESUMEN, ETC.
Resumen,etc. Los poderes sobrenaturales escondidos en una botella permiten a sus dueños obtener toda clase de riquezas,, pero a un costo tan alto que todos quieren deshacerse de ella. Este clásico de la literatura, lleno de misterio y aventuras, mantiene el suspenso y proporciona a los jóvenes el placer que se deriva de toda buena lectura.
700 1# - AUTOR SECUNDARIO - PERSONA
Nombre de persona Castellanos, Diana,
Dates associated with a name 1953-
9 (RLIN) 44027
700 1# - AUTOR SECUNDARIO - PERSONA
Nombre de persona García Larralde, Eleonora,
9 (RLIN) 44028
700 1# - AUTOR SECUNDARIO - PERSONA
Nombre de persona Borrero, Lucía,
9 (RLIN) 41959
Existencias
Withdrawn status Lost status Source of classification or shelving scheme Damaged status Not for loan Home library Current library Shelving location Date acquired Total Checkouts Full call number Barcode Date last seen Copy number Price effective from Koha item type
    Dewey Decimal Classification     Biblioteca Pública José María del Castillo y Rada Biblioteca Pública José María del Castillo y Rada Book Cart 10/18/2023   C STEd 201811569 01/31/2025 Ej.1 01/31/2025 Books